000
00310nam a22001457a 4500
008
230127b ||||| |||| 00| 0 eng d
020
_a
5311559
041
_a
eng
080
_2
VOLUME 9
_a
573
082
_a
573SMI
100
_a
16
101
_a
BIO
245
_a
VIRUS RESEARCH
_c
SMITH M K
942
_2
udc
_c
BK
999
_c
59291
_d
59291